3 Biggest U.S. Cities by Letter on a Map - Statistics

General Stats
  • This quiz has been taken 2,515 times
  • The average score is 49 of 77
Answers on the Map
Answers color-coded by a green-red scale on the quiz's map according to % correct below.
 
Answer Stats
Answer % Correct
Los Angeles
95%
Boston
94%
Chicago
94%
Dallas
94%
New York
94%
Houston
93%
Austin
92%
Denver
92%
Jackson
91%
Phoenix
90%
Indianapolis
89%
San Diego
89%
Detroit
88%
Jacksonville
88%
Kansas City, KS
88%
Kansas City, MO
88%
Las Vegas
88%
Oklahoma City
88%
Atlanta
87%
El Paso
87%
Memphis
87%
San Antonio
87%
New Orleans
86%
Philadelphia
86%
Portland
86%
Tampa
86%
Washington, DC
86%
Albuquerque
85%
Baltimore
85%
Nashville
85%
Columbus
84%
Honolulu
84%
Fort Worth
82%
Milwaukee
82%
Raleigh
80%
Charlotte
79%
Omaha
77%
Tucson
77%
Tulsa
76%
San Jose
75%
Virginia Beach
74%
Fresno
68%
Wichita
68%
Reno
66%
Louisville
64%
Oakland
63%
Greensboro
59%
Knoxville
59%
Winston-Salem
57%
Mesa
56%
Eugene
54%
Fort Wayne
54%
Bakersfield
52%
Yonkers
51%
Henderson
49%
Jersey City
48%
Riverside
44%
Vancouver
44%
Yuma
41%
Quincy, IL
39%
Quincy, MA
39%
Glendale
38%
Irvine
34%
Irving
30%
Yakima
29%
Xenia, IL
21%
Xenia, OH
21%
Zion
20%
Elk Grove
16%
Zanesville
16%
Visalia
14%
Union City, CA
13%
Union City, NJ
13%
Upland
12%
Zionsville
12%
Goodyear
9%
Queen Creek
6%
No matching quizzes found
Score Distribution
Percent of People with Each Score
Percentile by Number Answered
Your Score History
You have not taken this quiz